Score 0/11 Timer 03:00
0 Plays Today
% Correct
Fowl
96.6%
Trees
94.6%
Elements
94%
Flavors
93.3%
Baseball Positions
91.9%
Chess Pieces
91.9%
Famous Siblings
91.3%
Beetles
86.6%
Band Members
79.2%
Marauders
54.4%
Pokemon Professors
25.5%
Remove Ads.
Support Sporcle.
Get the best of Sporcle when you Go Orange. This ad-free experience offers more features, more stats, and more fun while also helping to support Sporcle. Thank you for becoming a member.

You're not logged in!

Compare scores with friends on all Sporcle quizzes.
OR
Log In

Show Comments

Extras

Top Quizzes Today


Score Distribution

Your Account Isn't Verified!

In order to create a playlist on Sporcle, you need to verify the email address you used during registration. Go to your Sporcle Settings to finish the process.

Report this User

Report this user for behavior that violates our Community Guidelines.

Details: